000 00674nam a2200277Ia 4500
005 20260324130329.0
008 008 260324s9999 xx 000 0 eng d
020 _a9780203028001
037 _aEBOOK
040 _aCRL
040 _beng
040 _cCRL
041 _2eng
041 _aeng
084 _qCRL
100 _aLouise Shelley; Erik R. Scott; Anthony Latta
_91181362
245 0 _aOrganized Crime and Corruption in Georgia
260 _bTaylor and Francis
260 _c2007
365 _a
365 _b265
856 _uhttp://www.taylorfrancis.com/books/9780203028001
942 _cEBOOK
999 _c1777448
_d1777448